Dictamen 4/2005, sobre el Proyecto de Real Decreto por el que se aprueba el Reglamento de fundaciones de competencia estatal (Registro nro. 44030)
[ vista simple ]
| 000 -CABECERA | |
|---|---|
| Longitud fija campo de control | 01417nam a2200361 c 4500 |
| 001 - NÚMERO DE CONTROL | |
| Número de control | 44030 |
| 003 - IDENTIFICADOR DE NÚMERO DE CONTROL | |
| Identificador del número de control | ES-MaCES |
| 005 - FECHA Y HORA DE LA ÚLTIMA TRANSACCIÓN | |
| Fecha y hora de la última transacción | 20240320040004.0 |
| 007 - PHYSICAL DESCRIPTION FIXED FIELD--GENERAL INFORMAT | |
| Campo fijo de descripción física | cr ||||||||||| |
| 008 - CAMPO FIJO DE DESCRIPCIÓN FIJA--INFORMACIÓN GENERAL | |
| Códigos de información de longitud fija | 060215s2005 sp |||||||||||00||0 spa|d |
| 035 ## - NÚMERO DE CONTROL DEL SISTEMA | |
| Número de control del sistema | 0008600000168 |
| 040 ## - FUENTE DE CATALOGACIÓN | |
| Centro catalogador de origen | ES-MaCES |
| Lengua de catalogación | spa |
| Centro transcriptor | ES-MaCES |
| 245 00 - MENCIÓN DE TÍTULO | |
| Título | Dictamen 4/2005, sobre el Proyecto de Real Decreto por el que se aprueba el Reglamento de fundaciones de competencia estatal |
| 300 ## - DESCRIPCIÓN FÍSICA | |
| Extensión | 12 p. (182,5 kb) |
| 593 ## - CES. DATOS DICTAMEN | |
| Comisión de trabajo | Economía y Fiscalidad |
| Identificador | D-004-2005 |
| Fecha dictamen | 20050531 |
| Tipo trámite | Ordinaria |
| Tipo sesión | Pleno extraordinario |
| Votos aprobados | Presentes 40: 36 sí, 3 no, 1 abst. |
| 650 #4 - ASIENTO SECUNDARIO DE MATERIA--TÉRMINO DE MATERIA | |
| Término de materia o nombre geográfico como elemento inicial | régimen jurídico |
| 9 (RLIN) | 29894 |
| 650 #4 - ASIENTO SECUNDARIO DE MATERIA--TÉRMINO DE MATERIA | |
| Término de materia o nombre geográfico como elemento inicial | España |
| 9 (RLIN) | 26964 |
| 650 #4 - ASIENTO SECUNDARIO DE MATERIA--TÉRMINO DE MATERIA | |
| Término de materia o nombre geográfico como elemento inicial | reglamento |
| 9 (RLIN) | 27154 |
| 650 #4 - ASIENTO SECUNDARIO DE MATERIA--TÉRMINO DE MATERIA | |
| Término de materia o nombre geográfico como elemento inicial | intervención estatal |
| 9 (RLIN) | 29380 |
| 650 #4 - ASIENTO SECUNDARIO DE MATERIA--TÉRMINO DE MATERIA | |
| Término de materia o nombre geográfico como elemento inicial | fundaciones |
| 9 (RLIN) | 30815 |
| 653 10 - TÉRMINO DE INDEXACIÓN--NO CONTROLADO | |
| Término no controlado | Asuntos Sociales |
| 700 1# - ENCABEZAMIENTO SECUNDARIO--NOMBRE PERSONAL | |
| Nombre de persona | Burgos Díaz, Luis |
| Término indicativo de función | interviniente |
| 9 (RLIN) | 8492 |
| 700 1# - ENCABEZAMIENTO SECUNDARIO--NOMBRE PERSONAL | |
| Nombre de persona | Castro Sanz, Marcos de |
| Término indicativo de función | interviniente |
| 9 (RLIN) | 9325 |
| 700 1# - ENCABEZAMIENTO SECUNDARIO--NOMBRE PERSONAL | |
| Nombre de persona | Aramburu Godínez, José Luis |
| Término indicativo de función | interviniente |
| 9 (RLIN) | 6417 |
| 700 1# - ENCABEZAMIENTO SECUNDARIO--NOMBRE PERSONAL | |
| Nombre de persona | Aragón Medina, Jorge |
| Término indicativo de función | interviniente |
| 9 (RLIN) | 6411 |
| 700 1# - ENCABEZAMIENTO SECUNDARIO--NOMBRE PERSONAL | |
| Nombre de persona | Cavada Hoyo, José de la |
| Término indicativo de función | interviniente |
| 9 (RLIN) | 9348 |
| 700 1# - ENCABEZAMIENTO SECUNDARIO--NOMBRE PERSONAL | |
| Nombre de persona | Ruesga Benito, Santos Miguel |
| Término indicativo de función | ponente |
| 9 (RLIN) | 22800 |
| 710 1# - ENCABEZAMIENTO SECUNDARIO--NOMBRE CORPORATIVO | |
| Nombre de entidad o nombre de jurisdicción como elemento inicial | España |
| Unidad subordinada | Ministerio de la Presidencia |
| Término indicativo de función | solicitante |
| 9 (RLIN) | 3255 |
| 856 ## - ACCESO ELECTRÓNICO | |
| Identificador Uniforme del Recurso (URI) | <a href="http://www.ces.es/documents/DIC/2005/04">http://www.ces.es/documents/DIC/2005/04</a> |
| Texto del enlace | texto completo |
| 902 ## - CES. TIPO DE DOCUMENTO | |
| Tipodoc (006$c Sirtex) | Dictamen |
| 942 ## - ELEMENTOS KOHA | |
| Fuente de clasificaión o esquema | Clasificación propia del CES |
| Koha [por defecto] tipo de item | Dictámenes/Informes/Memorias CES |
| Parte de clasificación | 3.3. |
No hay ítems disponibles.
